Types of Geographical Features #3 - Statistics

General Stats
  • This quiz has been taken 23 times
  • The average score is 10 of 20
Answer Stats
Hint Answer % Correct
Sandy/pebbly shore Beach
100%
Landmass surrounded by water Island
100%
Cascade of water falling from a height Waterfall
100%
Small sheltered bay Cove
81%
Large natural or artificial lake used for water supply Reservoir
76%
River or stream flowing into a larger river or lake Tributary
71%
Australian word for small lake, generally on a farm; word for barrier built across a waterway elsewhere Dam
62%
Long, narrow high ground Ridge
62%
Narrow passage of water connecting two large bodies of water Strait
62%
A large open area of grassland, especially in North America Prairie
57%
Where river meets the sea Estuary
48%
Small arm of a sea, lake, or river that extends inward Inlet
43%
Large volcanic crater Caldera
38%
Curved rock formation with an opening underneath Arch
29%
Like the above but wider Channel
29%
Similar to a mesa but narrower Butte
24%
Headland of considerable size Cape
19%
Small valley formed by erosion Gully
10%
Exposed rock formation on a hill Tor
10%
Long, steep slope or cliff separating two areas of differing elevations Escarpment
0%
No matching quizzes found
Score Distribution
Percent of People with Each Score
Percentile by Number Answered
Your Score History
You have not taken this quiz